|
|
|
|
| LEADER |
00000cam a2200000 a 4500 |
| 001 |
vtls001261743 |
| 003 |
SK-MaSNL |
| 005 |
20260301154931.0 |
| 008 |
240315s1993 xo c 0000j slo |
| 015 |
|
|
|a SNBA1993/03
|
| 020 |
|
|
|a 8071345717
|
| 035 |
|
|
|a SNK000212622
|
| 040 |
|
|
|a SNK
|b slo
|c SNK
|e AACR2
|
| 041 |
1 |
|
|a slo
|h eng
|
| 044 |
|
|
|a slo
|c SK
|
| 100 |
1 |
|
|a Blyton, Enid,
|d 1897-1968
|4 aut
|9 85699
|
| 240 |
1 |
4 |
|a The famous five. Five go adventuring again
|l Slovensky
|
| 245 |
1 |
0 |
|a Slávna päťka
|n 2
|p Päťka opäť v akcii
|c Enid Blytonová ; z anglického originálu The famous five. Five go adventuring again ... preložila Mária Klenková
|
| 246 |
3 |
0 |
|a Päťka opäť v akcii
|
| 260 |
|
|
|a Bratislava
|b Egmont Neografia
|c 1993
|
| 300 |
|
|
|a 142 s.
|c 18 cm
|
| 655 |
|
7 |
|a anglické príbehy
|2 SNKPH
|9 70612
|
| 655 |
|
7 |
|a príbehy pre deti
|2 SNKPH
|9 86749
|
| 655 |
|
7 |
|a dobrodružné príbehy
|2 SNKPH
|9 70626
|
| 655 |
|
7 |
|a literatúra pre deti
|2 SNKPH
|9 87135
|
| 700 |
1 |
|
|a Klenková, Mária
|4 trl
|9 245694
|
| 700 |
1 |
|
|a Lajda, Stanislav,
|d 1959-
|4 ill
|4 bjd
|9 90553
|
| 852 |
|
|
|a Slovenská národná knižnica
|
| 919 |
|
|
|a 80-7134-571-7
|
| 954 |
|
|
|a beletria cudzojazyčná (svetová)
|2 lita
|
| 958 |
|
|
|a UP
|
| 958 |
|
|
|a LX
|
| 958 |
|
|
|a DB
|
| 968 |
|
|
|b ENG
|
| 999 |
|
|
|c 798539
|d 800469
|
| 952 |
|
|
|a SNK
|b SNK
|y PREZ
|7 0
|p 17A1045567
|o snkSD 64918/2
|0 0
|1 0
|4 0
|d 2013-07-19
|l 0
|r 2026-02-24 01:59:59
|w 2026-02-24
|
| 952 |
|
|
|t P60, <05>, [BOOK], {605}
|a SNK
|b SNK
|y PREZ
|7 0
|p 17A0011493
|o snkSD 64918/2 D1
|0 0
|1 0
|4 0
|d 1996-09-19
|l 0
|r 2005-01-01 00:00:00
|w 2026-02-24
|